ਇਹ ਸੜਕਨਾਮਾ ਨਹੀਂ / (Record no. 110775)

MARC details
000 -LEADER
fixed length control field 00919nam a22002537a 4500
005 - DATE AND TIME OF LATEST TRANSACTION
control field 20170123164157.0
010 ## - LIBRARY OF CONGRESS CONTROL NUMBER
LC control number B-124493
020 ## - INTERNATIONAL STANDARD BOOK NUMBER
Terms of availability 100.00
035 ## - SYSTEM CONTROL NUMBER
System control number B-124493
037 ## - SOURCE OF ACQUISITION
Source of stock number/acquisition Cen Lib/Ret
040 ## - CATALOGING SOURCE
Original cataloging agency DPL
Language of cataloging PN
082 ## - DEWEY DECIMAL CLASSIFICATION NUMBER
Classification number 910 .04
Item number ਬਲਦੇ
100 ## - MAIN ENTRY--PERSONAL NAME
Personal name ਬਲਦੇਵ ਸਿੰਘ
9 (RLIN) 136031
245 ## - TITLE STATEMENT
Title ਇਹ ਸੜਕਨਾਮਾ ਨਹੀਂ /
Statement of responsibility, etc ਬਲਦੇਵ ਸਿੰਘ
246 ## - VARYING FORM OF TITLE
Title proper/short title Ehh sadaknama nahin /
Remainder of title by Baldev Singh
260 ## - PUBLICATION, DISTRIBUTION, ETC. (IMPRINT)
Place of publication, distribution, etc ਲੁਧਿਆਨਾ
Name of publisher, distributor, etc ਚੇਤਨਾ ਪ੍ਰਕਾਸ਼ਨ
Date of publication, distribution, etc 2005
270 ## - ADDRESS
Address ਪੰਜਾਬੀ ਭਵਨ
City ਲੁਧਿਆਨਾ
300 ## - PHYSICAL DESCRIPTION
Extent 108p ;
Dimensions 20cm
650 ## - SUBJECT ADDED ENTRY--TOPICAL TERM
Topical term or geographic name as entry element ਭਾਰਤ ਨੂੰ -- ਵੇਰਵਾ ਅਤੇ ਯਾਤਰਾ
9 (RLIN) 136032
650 ## - SUBJECT ADDED ENTRY--TOPICAL TERM
Topical term or geographic name as entry element ਯਾਤਰਾ
9 (RLIN) 136033
650 ## - SUBJECT ADDED ENTRY--TOPICAL TERM
Topical term or geographic name as entry element India -- Description and travel
9 (RLIN) 26587
650 ## - SUBJECT ADDED ENTRY--TOPICAL TERM
Topical term or geographic name as entry element travel
9 (RLIN) 25007
942 ## - ADDED ENTRY ELEMENTS (KOHA)
Source of classification or shelving scheme Dewey Decimal Classification
Koha item type Punjabi Bks
Classification part 910.4
Call number suffix ਬਲਦੇ
Holdings
Withdrawn status Lost status Damaged status Not for loan Home library Current library Date acquired Source of acquisition Cost, normal purchase price Total Checkouts Full call number Barcode Date last seen Date checked out Copy number Cost, replacement price Price effective from Koha item type
        Central Library Central Library 08/02/2016 Cen Lib/Ret 100.00 1 910 .04 ਬਲਦੇ B-124493 08/01/2024 22/12/2023 1 100.00 08/02/2016 Punjabi Bks

© Delhi Public Library
Hit Counter
free hit counter